000 00319nam a2200145Ia 4500
100 _aHuntford/ Roland
650 _aGeneral
942 _cBK
654 _aThe Last Place On Earth
245 _aThe Last Place On Earth
260 _bAtheneum
_aNew York
_c1985
082 _a910.9
300 _a565
546 _aENGLISH
999 _c32925
_d32925